Movies Quiz

Random Movies or Clickable Quiz
Score 0/17 Timer 02:30
0 Plays Today
% Correct
The
94.2%
La
92.7%
Star
92%
Bridget
90.9%
The
90.3%
10
89.6%
London
89.6%
The
86.6%
Ride
77.6%
% Correct
Gods
75.6%
Office
75.2%
Miracles
74.3%
Me
73.2%
The
71.5%
The
71.5%
Florence
69.7%
The
66.8%
Remove Ads.
Support Sporcle.
Get the best of Sporcle when you Go Orange. This ad-free experience offers more features, more stats, and more fun while also helping to support Sporcle. Thank you for becoming a member.

You're not logged in!

Compare scores with friends on all Sporcle quizzes.
OR
Log In

Show Comments

Extras

Top Quizzes Today


Score Distribution

Your Account Isn't Verified!

In order to create a playlist on Sporcle, you need to verify the email address you used during registration. Go to your Sporcle Settings to finish the process.

Report this User

Report this user for behavior that violates our Community Guidelines.

Details: